[Event "Berlin-ch Seniors op 27th"]
[Site "Berlin"]
[Date "2011.02.05"]
[Round "8"]
[White "Scholz, Werner"]
[Black "Maier Arnold, Heinrich"]
[Result "1-0"]
[WhiteElo "1496"]
[BlackElo "1598"]
[PlyCount "55"]
[EventDate "2011.01.29"]
[EventType "swiss"]
[EventRounds "9"]
[EventCountry "GER"]
[SourceTitle "EXT 2012"]
[Source "ChessBase"]
[SourceDate "2011.11.24"]
[SourceVersion "1"]
[SourceVersionDate "2011.11.24"]
[SourceQuality "1"]

1. d4 Nf6 2. Nf3 b6 3. Nbd2 d5 4. e3 e6 5. c3 Bd6 6. Bd3 c5 7. 0-0 0-0 8. Qe2 Qc7 9. e4 dxe4 10. Nxe4 Nxe4 11. Qxe4 g6 12. Qh4 f6 13. Re1 Bd7 14. Bc4 Qc8 15. Qe4 Nc6 16. Bxe6+ Bxe6 17. Qxe6+ Qxe6 18. Rxe6 Rad8 19. dxc5 bxc5 20. Bh6 Rf7 21. Rae1 Ne7 22. Kf1 g5 23. h4 g4 24. Nd2 Ng6 25. h5 Nf8 26. Re8 Rxe8 27. Rxe8 Rd7 28. Ne4 1-0